Países do mundo mapa - Statistics

Estatísticas Gerais
  • Esse quiz foi jogado 138 vezes
  • A pontuação média é 119 de 196
Respostas no mapa
Respostas codificadas por cores de uma escala verde-vermelha no mapa do quiz de acordo com a % correta abaixo.
 
Estatísticas das Respostas
País % Correto
Brasil
96%
Argentina
95%
México
95%
Canadá
93%
Estados Unidos
93%
Chile
92%
França
90%
África do Sul
89%
Rússia
89%
Colômbia
88%
Uruguai
88%
Bolívia
86%
Espanha
86%
Itália
86%
Portugal
86%
Egito
85%
Paraguai
85%
China
84%
Guiana
84%
Peru
84%
Reino Unido
84%
Venezuela
84%
Alemanha
82%
Equador
82%
Países Baixos
82%
Austrália
81%
Dinamarca
81%
Índia
81%
Japão
81%
Marrocos
81%
Cuba
79%
Coreia do Sul
78%
Suíça
78%
Coreia do Norte
77%
Grécia
77%
Irão
77%
Suécia
77%
Madagáscar
75%
Romênia
75%
Ucrânia
75%
Angola
74%
Argélia
74%
Finlândia
74%
Honduras
74%
Irlanda
74%
Israel
74%
Suriname
74%
Arábia Saudita
73%
Croácia
73%
Turquia
73%
Costa Rica
71%
Noruega
71%
Áustria
70%
Bélgica
70%
Jamaica
70%
Polônia
70%
Eslováquia
68%
Haiti
68%
Iraque
68%
Bielorrússia
67%
Cazaquistão
67%
Islândia
67%
Moçambique
67%
Níger
67%
Panamá
67%
Afeganistão
66%
Emirados Árabes Unidos
66%
Eslovénia
66%
Letónia
66%
Mongólia
66%
Nova Zelândia
66%
Nigéria
64%
Omã
64%
República Checa
64%
República Democrática do Congo
64%
República do Congo
64%
El Salvador
63%
Estônia
63%
Guatemala
63%
Lituânia
63%
Nicarágua
63%
República Dominicana
63%
Albânia
62%
Camarões
62%
Indonésia
62%
Paquistão
62%
Sudão
62%
Andorra
60%
Bósnia e Herzegovina
60%
Bulgária
60%
Catar
60%
Etiópia
60%
Filipinas
60%
Luxemburgo
60%
Malta
60%
Papua Nova Guiné
60%
Senegal
60%
Síria
60%
Bahamas
59%
Cabo Verde
59%
Chipre
59%
Hungria
59%
Sérvia
59%
Tailândia
59%
Butão
58%
Kosovo
58%
Lesoto
58%
Macedónia do Norte
58%
Moldávia
58%
Sudão do Sul
58%
Uzbequistão
58%
Vaticano
58%
Belize
56%
Líbia
56%
Vietname
56%
Guiné
55%
Iémen
55%
Jordânia
55%
Montenegro
55%
Somália
55%
Armênia
53%
Azerbaijão
53%
Geórgia
53%
Guiné-Bissau
53%
Guiné Equatorial
53%
Mali
53%
República Centro-Africana
53%
Tunísia
53%
Bangladesh
52%
Chade
52%
Costa do Marfim
52%
Maldivas
52%
Nepal
52%
Zimbábue
52%
Barbados
51%
Eritreia
51%
Fiji
51%
Gana
51%
Malásia
51%
Mauritânia
51%
Quirguistão
51%
Zâmbia
51%
Botswana
49%
Granada
49%
Líbano
49%
São Tomé e Príncipe
49%
Taiwan
49%
Trinidad e Tobago
49%
Turquemenistão
49%
Tajiquistão
48%
Camboja
47%
Essuatíni
47%
Laos
47%
Sri Lanka
47%
Dominica
45%
Gabão
45%
Libéria
45%
Mônaco
45%
Palau
45%
Tanzânia
45%
Togo
45%
Birmânia
44%
Estados Federados da Micronésia
44%
Kuweit
44%
Maurícia
44%
Namíbia
44%
Nauru
44%
Ruanda
44%
Santa Lúcia
44%
Antígua e Barbuda
41%
Gâmbia
41%
Quênia
41%
San Marino
41%
Serra Leoa
41%
Tuvalu
41%
Uganda
41%
Comores
40%
Djibouti
40%
Ilhas Marshall
40%
Liechtenstein
40%
Burkina Faso
38%
Burundi
38%
Seychelles
38%
Benim
37%
Malawi
37%
São Vicente e Granadinas
37%
Singapura
37%
Tonga
37%
Vanuatu
37%
Brunei
36%
São Cristóvão e Nevis
36%
Ilhas Salomão
34%
Kiribati
34%
Timor-Leste
34%
Bahrein
32%
Samoa
27%
Nenhum quiz correspondente encontrado
Distribuição das Pontuações
Porcentagem de Pessoas com Cada Pontuação
Percentil de Números Respondidos
Sua Pontuação Histórica
Você não jogou esse quiz